Piłkarze którzy grali zarówno w Arsenalu i Chelsea - Statystyki

Ogólne statystyki
  • Ten quiz został rozwiązany 497 razy
    127 od ostatniego zresetowania
  • Średni wynik to 7 z 17
Statystyki odpowiedzi
Piłkarz % Poprawnych
Kai Havertz
71%
Petr Cech
67%
Ashley Cole
65%
Noni Madueke
60%
David Luiz
58%
Jorginho
54%
Cesc Fabregas
49%
Raheem Sterling
49%
Willian
47%
Olivier Giroud
40%
Kepa Arrizabalaga
35%
William Gallas
32%
Pierre-Emerick Aubameyang
30%
Nicolas Anelka
21%
Emmanuel Petit
13%
Lassana Diarra
8%
Yossi Benayoun
7%
Nie znaleziono quizów pasujących do podanych kryteriów
Rozkład punktacji
Procent ludzi z każdym wynikiem
Percentyl według liczby udzielonych odpowiedzi
Twoja historia wyników
Nie rozwiązałeś tego quizu od ostatniego zresetowania